000
00318nam a22001331a 4500
020
_a
9788170420996
082
_a
616.891 7
_b
N97
100
_a
Venkoba Rao A
245
_a
Psychiatry/
_c
Venkoba Rao A
260
_a
New Delhi:
_b
B I Churchil Livingstone,
_c
1997.
300
_a
256p.
650
_a
Psychiatry
942
_c
BK
999
_c
36294
_d
36294